000 00686nam a2200229Ia 4500
003 OSt
005 20220923230421.0
006 a|||||r|||| 00| 0
007 ta
008 Pun
024 _a281,649
037 _cTextual
040 _aARTS
_cARTS
_bPun
041 _2Pun
_aPun
082 _aO153,3N09:g, M7
100 _aਘੁੰਮਣ, ਬਿਕਰਮ ਸਿੰਘ
_9156274
245 0 _aਪੰਜਾਬੀ ਨਿੱਕੀ ਕਹਾਣੀ ਅਤੇ ਸੁਜਾਨ ਸਿੰਘ
260 _c1987
650 _aਪੰਜਾਬੀ ਸਾਹਿਤ
942 _hO153,3N09:g, M7
_cTEXL
_2CC
999 _c384685
_d384685